La instrumentación como requisito para la aplicacíón del impuesto de sellos (Registro nro. 27566)

Detalles MARC
000 -LEADER
fixed length control field 00360 a2200109 4500
001 - CONTROL NUMBER
control field ART_18474
005 - DATE AND TIME OF LATEST TRANSACTION
control field 20260410161919.0
008 - FIXED-LENGTH DATA ELEMENTS--GENERAL INFORMATION
fixed length control field 260409a
100 1# - MAIN ENTRY--PERSONAL NAME
Personal name Jarach, Dino
245 10 - TITLE STATEMENT
Title La instrumentación como requisito para la aplicacíón del impuesto de sellos
773 0# - HOST ITEM ENTRY
Title La información
Related parts - Tomo XXXIV, Nº 564 (dic. 1976)
Record control number REV14902

No hay ítems disponibles.